ბათუმის შოთა რუსთაველის სახელმწიფო უნივერსიტეტის ბიბლიოთეკა

ადამიანის ფსიქიკის იდუმალი მოვლენები : (ბიბ.ჩანაწერი № 62624)

000 -ლიდერი
ფიქსირებული სიგრძის საკონტროლო ველი 01227nam a22001937a 4500
003 - საკონტროლო ნომრის იდენტიფიკატორი
საკონტროლო ველი Ge_BSU
005 - ბოლო ოპერაციის თარიღი და დრო
საკონტროლო ველი 20241219171640.0
008 - ფიქსირებული სიგრძის მონაცემთა ელემენტები - ზოგადი ინფორმაცია
ფიქსირებული სიგრძის საკონტროლო ველი 241219s1966 ge ||||| |||| 00| 0 geo d
041 ## - ენის კოდი
Language code of text/sound track or separate title geo
080 ## - უნივერსალური ათობითი კლასიფიკაციის ინდექსი
Universal Decimal Classification number 612.821 : 159.97 ვ-22
100 ## - მთავარი ჩანაწერი - პიროვნების სახელი
Personal name ვასილიევი, ლეონიდე
9 (RLIN) 24015
245 ## - ცნობა სათაურის შესახებ
Title ადამიანის ფსიქიკის იდუმალი მოვლენები :
Remainder of title [პოპულარული ნარკვევი ატიპიურ ფსიქიკურ მოვლენათა ფიზიოლოგიურ საფუძვლებზე] /
Statement of responsibility, etc ლეონიდე ვასილიევი; თარგმანი ბეჟან სიხარულიძისა.
264 ## - წარმოების, გამოცემის, დისტრიბუციის და სხვა ცნობები
გამოცემის, წარმოების, დისტრიბუციის... ადგილი თბილისი :
გამოცემის, წარმოების, დისტრიბუციის... სახელწოდება საბჭ. საქართველო,
გამოცემის, წარმოების, დისტრიბუციის... თარიღი 1966.
300 ## - ფიზიკური აღწერა
Extent 186 გვ. :
Other physical details ილ. ;
Dimensions 20 სმ.
653 ## - INDEX TERM--UNCONTROLLED
Uncontrolled term ადამიანის ფსიქიკის ანომალიები
653 ## - INDEX TERM--UNCONTROLLED
Uncontrolled term ატიპიური ფსიქიკური მოვლენები
700 ## - ADDED ENTRY--PERSONAL NAME
Personal name სიხარულიძე, ბეჟან
Relator term მთარგმანელი
9 (RLIN) 24016
942 ## - ADDED ENTRY ELEMENTS (KOHA)
Source of classification or shelving scheme
Koha item type წიგნი
ეგზემპლარები
ჩამოწერის სტატუსი დაკარგული ეგზემპლარის სტატუსი კლასიფიკაციის წყარო ან თაროზე გაწყობის სქემა დაზიანების სტატუსი არ გაიცემა მუდმივი მდებარეობა (დაცვის ადგილი) ამჟამინდელი ადგილსამყოფელი თაროზე განთავსების ადგილი შეძენის თარიღი ღირებულება, შესყიდვის ნორმალური ფასი სრული შენახვის შიფრი შტრიხკოდი ბოლო ოპერაციის თარიღი ეგზემპლარის მიმდევრობითი ნომერი (კეტერი?) ფასის ძალაში შესვლის თარიღი ეგზემპლარის სახეობა საჯარო შენიშვნა
          ბათუმის შოთა რუსთაველის სახელმწიფო უნივერსიტეტის მთავარი ბიბლიოთეკა ბათუმის შოთა რუსთაველის სახელმწიფო უნივერსიტეტის მთავარი ბიბლიოთეკა წიგნსაცავი 2024-12-19 0.00 612.821 : 159.97 ვ-22 70075 2024-12-19 70075 2024-12-19 წიგნი 0.60 თ.